| 000 | 00786nam a2200253 i 4500 | ||
|---|---|---|---|
| 001 | 120809 | ||
| 003 | ES-MaACL | ||
| 005 | 20250820135637.0 | ||
| 007 | t| | ||
| 008 | 070214s1955 sp r ||||1| spa d | ||
| 100 | 1 |
_aPolo, Marco, _d1254-1324 _992864 |
|
| 245 | 1 | 0 |
_aViajes / _cMarco Polo ; traducción de Ismael Antich Sariol ; prólogo de José María Espinas Masip. |
| 260 |
_aBarcelona : _bFama, _c1955. |
||
| 300 |
_a388 p. ; _c19 cm. |
||
| 490 | 1 | _aJunco | |
| 651 | 4 |
_aAsia- _xDescripción- _yS.XIII _97825 |
|
| 651 | 4 |
_aAsia- _xDescripción- _yS.XIV _97826 |
|
| 700 | 0 |
_aAntich, Ismael. _921892 |
|
| 700 | 1 |
_aEspinàs, Josep M., _d1927- _947850 |
|
| 830 | 0 |
_aJunco _9184641 |
|
| 852 |
_aES-MaACL _jC-10627 _bR.38238 |
||
| 942 | _2udc | ||
| 999 |
_c120809 _d120809 |
||